=LDR 00000nam 2200000 4500 =001 INLIS000000000012253 =005 20130612103804 =008 ***********************************Ind** =035 ##$$0010-061300000012253 =041 ##$$a Ind =082 ##$$a 584.15 =090 ##$$a 584.15, Sur m =100 ##$$a Suryowinata, Sutarmi m =245 ##$$a Merawat anggrek, Sutarmi M. Suryowinato =260 ##$$a 1974 $b Yogyakarta =300 ##$$a 87 hlm., Ilus, 21cm =650 ##$$a Bunga (Anggrek =850 ##$$a NBPNMAT